000 00306nam a22001217a 4500
040 _cSY
082 _a519
100 _aង៉ោ ប៊ុនថាន
245 _aProject development, ការអភិវឌ្ឍន៍គំរោង
260 _aRUA
_bង៉ោ
_c2004
300 _a42p.
942 _cKB
999 _c9727
_d9727